<?xml version="1.0" encoding="UTF-8"?>
<collection xmlns="http://www.loc.gov/MARC21/slim">
 <record>
  <leader>00639nam a22001697i 4500</leader>
  <controlfield tag="001">000531657</controlfield>
  <controlfield tag="008">170526s1904    ??     fr     000 0 cze?d</controlfield>
  <datafield tag="STA" ind1=" " ind2=" ">
   <subfield code="a">Rychlá katalogizace</subfield>
  </datafield>
  <datafield tag="100" ind1="1" ind2=" ">
   <subfield code="a">Schmoller, Gustav,</subfield>
   <subfield code="d">1838-1917</subfield>
   <subfield code="7">skuk0001233</subfield>
  </datafield>
  <datafield tag="245" ind1=" " ind2="0">
   <subfield code="a">Ueber einige Grundfragen der Sozialpolitik und der Volkswirtschaftslehre</subfield>
  </datafield>
  <datafield tag="250" ind1=" " ind2=" ">
   <subfield code="a">Zweite, vermehrte Auflage</subfield>
  </datafield>
  <datafield tag="264" ind1=" " ind2="1">
   <subfield code="a">Leipzig</subfield>
   <subfield code="b">Duncker und Humblot</subfield>
   <subfield code="c">1904</subfield>
  </datafield>
  <datafield tag="300" ind1=" " ind2=" ">
   <subfield code="a">393 s.</subfield>
  </datafield>
  <datafield tag="993" ind1=" " ind2=" ">
   <subfield code="x">NEPOSILAT</subfield>
   <subfield code="y">RYCHLA</subfield>
  </datafield>
  <datafield tag="996" ind1=" " ind2=" ">
   <subfield code="1">PDPZ2</subfield>
   <subfield code="3">F859</subfield>
   <subfield code="4">PC=613/19</subfield>
   <subfield code="5">3142300811</subfield>
   <subfield code="8">20170526</subfield>
   <subfield code="f">95</subfield>
   <subfield code="l">UEP01</subfield>
   <subfield code="m">BOOK</subfield>
   <subfield code="q">Knihovna Žižkov depoz. 2</subfield>
   <subfield code="t">prezenční - lze objednat</subfield>
   <subfield code="u">UEP01</subfield>
   <subfield code="w">20170526</subfield>
  </datafield>
 </record>
</collection>
